000 00834nam a2200253Ia 4500
003 OSt
005 20220930070004.0
006 a|||||r|||| 00| 0
007 ta
008 220926b |||||||| |||| 00| 0 eng d
024 _a6362
037 _cTheses
040 _aCRL
_cCRL
_beng
041 _2eng
_aeng
100 _aRavinder Kaur
110 _aUniversity of Delhi. Faculty of Medical Science. Department of Medical Microbiology
_9520132
245 0 _aMicrobiological and immunological studies of corneal ulcers
260 _c1987
650 _aMICROBIOLOGY
700 _a Dr K Krishna Prakash Supervisor
_9526625
700 _aUniversity of Delhi. Faculty of Medical Science. Department of Medical Microbiology
_9520134
942 _cDIS
_2CC
999 _c860284
_d860284